| 000 | 00347nam a2200145Ia 4500 | ||
|---|---|---|---|
| 008 | 230312s9999||||xx |||||||||||||| ||und|| | ||
| 020 | _a0-201-35744-5 | ||
| 082 |
_a005.73 _bMIA-D |
||
| 100 | _aSuresh;Srinivasan | ||
| 245 | 0 | _aCloud Computing | |
| 260 |
_bAddison _aEngland _c1999 |
||
| 300 | _a768 | ||
| 650 |
_aComputer _vComputer |
||
| 942 | _cBK | ||
| 999 |
_c15335 _d15335 |
||